Alligator shoes / (Record no. 8311)

MARC details
000 -LEADER
fixed length control field 00909nam a22003017a 4500
001 - CONTROL NUMBER
control field 8311
003 - CONTROL NUMBER IDENTIFIER
control field FISKH
005 - DATE AND TIME OF LATEST TRANSACTION
control field 20250908163639.0
008 - FIXED-LENGTH DATA ELEMENTS--GENERAL INFORMATION
fixed length control field 250908b cb ||||| |||| 00| 0 eng d
020 ## - INTERNATIONAL STANDARD BOOK NUMBER
International Standard Book Number 9780140547344
040 ## - CATALOGING SOURCE
Original cataloging agency FISKH
Language of cataloging eng
Transcribing agency FISKH
Modifying agency FISKH
050 ## - LIBRARY OF CONGRESS CALL NUMBER
Classification number PZ7.D7294 A
082 ## - DEWEY DECIMAL CLASSIFICATION NUMBER
Classification number 590
100 ## - MAIN ENTRY--PERSONAL NAME
Personal name Dorros, Arthur
Dates associated with a name (1950-)
245 ## - TITLE STATEMENT
Title Alligator shoes /
Statement of responsibility, etc. By Arthur Dorros
250 ## - EDITION STATEMENT
Edition statement This edition first published in 1982
260 ## - PUBLICATION, DISTRIBUTION, ETC.
Place of publication, distribution, etc. New York :
Name of publisher, distributor, etc. Puffin,
Date of publication, distribution, etc. 1982
300 ## - PHYSICAL DESCRIPTION
Extent 22 unnumbered pages :
Other physical details color illustrations ;
Dimensions 20 cm
505 ## - FORMATTED CONTENTS NOTE
Formatted contents note E<br/>
520 ## - SUMMARY, ETC.
Summary, etc. An alligator with an interest in footwear spends the night locked in a shoe store trying on the merchandise.<br/>
521 8# - TARGET AUDIENCE NOTE
Target audience note 200<br/>
Source Lexile<br/>
521 8# - TARGET AUDIENCE NOTE
Target audience note E<br/>
Source Raz-Plus
650 ## - SUBJECT ADDED ENTRY--TOPICAL TERM
Source of heading or term Animal
Topical term or geographic name entry element Silly
650 ## - SUBJECT ADDED ENTRY--TOPICAL TERM
Source of heading or term Shoes
Topical term or geographic name entry element Level G
700 ## - ADDED ENTRY--PERSONAL NAME
Personal name Counihan, Claire
Dates associated with a name illustrator
942 ## - ADDED ENTRY ELEMENTS (KOHA)
Source of classification or shelving scheme Dewey Decimal Classification
Koha item type Books
Suppress in OPAC No
Holdings
Withdrawn status Lost status Source of classification or shelving scheme Damaged status Not for loan Collection Home library Current library Shelving location Date acquired Total Checkouts Full call number Barcode Date last seen Date last checked out Copy number Price effective from Koha item type
    Dewey Decimal Classification     Juvenile Fiction Footprints International School Library Network Toul Tom Poung Campus Footprints International School Library Network Toul Kork Campus TTP Primary Green Bookshelves 09/08/2025 2 DOR PZ7.D7294 A FISTK02868 02/06/2026 01/30/2026 1 09/08/2025 Books